Statistics for Judaism A-Z

Click here to take the quiz!

General Stats

  • This quiz has been taken 417 times
  • The average score is 13 of 26

Answer Stats

HintAnswer% Correct
AFirst PatriarchAbraham
95%
DWrote the psalmsDavid
74%
TThe five books of MosesTorah
74%
YDay of atonementYom Kippur
70%
RJewish new year (two words)Rosh Hashanah
68%
ZJewish nationalist movementZionism
68%
Nof the arkNoah
66%
PHebrew name for PassoverPesach
63%
JHe of the technicolor dreamcoatJoseph
62%
EJacob's brotherEsau
61%
FIsraeli national foodFalafel
61%
VYiddish expression "Oy ___"Vey
61%
SMeal on first night of PassoverSeder
60%
KThe mystic teachingsKabbalah
56%
WLife altering event where a "Chuppa" happensWedding
54%
XWhat some ultra-religious Jews call ChristmasXmas
47%
UCountry of origin for Bucharian JewsUzbekistan
42%
GOne of the 12 TribesGad
34%
HThe prophet Samuel's motherHannah
34%
QWhat children are encouraged to do on first night of ^Question
33%
CUbiquitous Ashkenazi Sabbath foodCholent
23%
LBonfire Festival a month after Passover (difficult)Lag Baomer
23%
BMoabite king out to curse the Jewish peopleBalak
17%
ORuth's sister-in-lawOrpah
16%
MName given to Spanish Jews who converted to christianity to avoid expulsion in 1492Marranos
11%
IAaron the high priest's youngest sonItamar
6%

Score Distribution

Percentile by Number Answered

Percent of People with Each Score

Your Score History

You have not taken this quiz